000 00617nam a22002177a 4500
003 UA-OsUOA
001 667
007 ta
008 20050623b un ||||| |||| 00| 0 ukr d
090 _a016:929
942 _cBK
040 _aUA-OsUOA
_bukr
_cUA-OsUOA
_dUA-OsUOA
245 _aМихайло Коцюбинський
_bБібліографічний покажчик
300 _a266 с.
955 _a1
041 _aukr
080 _a016:929
260 _aК.
_bНаукова думка
_c1964
650 7 _a01 Бібліографія і бібліографії. Каталоги
_2UDC
999 _c286833
_d286833